00620nam a2200181 a 450000100100000000500170001000800410002702000150006804000250008308200150010810000250012324500530014826000490020130000270025070000310027795201130030899900170042100003633620200930075656.0120113s1987 sp a 000 0 spa d a8434524767 aDO-SdBNPbspacBNPHU axxxbS642d1 aSmith, Graham96250310aDolor agudo /cGraham Smith, Benjamin G. Covino. aBarcelo, España :bSalvat Editores,c1987. a292 p. :bil. ;c24cm.1 aCovino, Benjamin G.962504 001050718MOaGRbGRcCTd2012-01-13iLF1l0oxxx S642dp36337-10r2020-06-25w2020-06-25y1ZNo se presta c35827d35827